Purple root disease of Hevea brasiliensis seedlings in nursery: A report from Assam and Meghalaya (Record no. 52698)

MARC details
000 -LEADER
fixed length control field 00591nam a2200181Ia 4500
100 ## - MAIN ENTRY--AUTHOR NAME
Personal name Mondal G.C.
245 #0 - TITLE STATEMENT
Title Purple root disease of Hevea brasiliensis seedlings in nursery: A report from Assam and Meghalaya
260 ## - PUBLICATION, DISTRIBUTION, ETC. (IMPRINT)
Name of publisher Placrosym XVI, 2004, Kasaragod, India. Journal of Plantation Crops, 32(Supplement): 391-394
Year of publication 2004
650 ## - SUBJECT ADDED ENTRY--TOPICAL TERM
Topical Term Assam
650 ## - SUBJECT ADDED ENTRY--TOPICAL TERM
Topical Term Disease control
650 ## - SUBJECT ADDED ENTRY--TOPICAL TERM
Topical Term Helicobasidium compactum
650 ## - SUBJECT ADDED ENTRY--TOPICAL TERM
Topical Term Meghalaya
650 ## - SUBJECT ADDED ENTRY--TOPICAL TERM
Topical Term Purple root
650 ## - SUBJECT ADDED ENTRY--TOPICAL TERM
Topical Term Seedling nursery
700 ## - ADDED ENTRY--PERSONAL NAME
Personal name Deka H.K.
942 ## - ADDED ENTRY ELEMENTS (KOHA)
Koha item type Bibliography STAF
Holdings
Withdrawn status Lost status Damaged status Not for loan Home library Current library Date acquired Koha item type
      Bibliography RRII Library RRII Library 09/04/2014 Bibliography STAF